| 000 | 01761pam a2200517 i 4500 | ||
|---|---|---|---|
| 001 | vtls000757530 | ||
| 003 | PNM | ||
| 005 | 20190624163503.0 | ||
| 008 | 141111t20152010my a g 001 0 may | ||
| 015 | _aM15-03863 | ||
| 020 |
_a9789670798288 _qpaperback _cRM25.00 |
||
| 039 | 9 |
_a201510011635 _bazeantie _c201506241042 _daidayas _c201505111602 _damy_z _c201504010824 _dnorsyahiza |
|
| 040 |
_aBNM _beng _cBNM _dPPAK _erda |
||
| 049 | _aklpmal | ||
| 082 | 0 | 4 |
_a552 _223 |
| 090 | 0 | 0 |
_a552 _bGRE _dK |
| 100 | 1 |
_aGreen, Dan, _eauthor. |
|
| 245 | 1 | 0 |
_aBATU DAN MINERAL : _bBAHAN BACAAN YANG SANGAT BERHARGA! / _cDAN GREEN ; Penterjemah : Ani Izzuani Mohd Kassim, Nur Ain Hafiza Mat Jusoh |
| 246 | 3 | 3 |
_iTranslation of : _aRocks and mineral : a gem of a read! |
| 264 | 1 |
_aKuala Lumpur : _bInstitut Terjemahan & Buku Malaysia, _c2015 |
|
| 264 | 4 | _c©2010 | |
| 300 |
_a128 pages : _bcolour illustrations ; _c13 cm. |
||
| 336 |
_atext _2rdacontent |
||
| 337 |
_aunmediated _2rdamedia |
||
| 338 |
_avolume _2rdacarrier |
||
| 490 | 1 | _aSiri Kenali Sains | |
| 500 | _aIncludes index | ||
| 650 | 1 | 0 |
_aRocks _vJuvenile literature |
| 650 | 2 | 0 |
_aMineralogy _vJuvenile literature |
| 700 | 0 |
_aAni Izzuani Mohd Kassim, _etranslator. |
|
| 700 | 0 |
_aNur Ain Hafiza Mat Jusoh, _etranslator. |
|
| 830 | 0 | _aSiri kenali sains | |
| 942 |
_2ddc _cB |
||
| 949 |
_61001327135 _e2342449 |
||
| 949 |
_61001327136 _e2342450 |
||
| 949 |
_61001327137 _e2342451 |
||
| 949 |
_61001327138 _e2342452 |
||
| 949 |
_61001327139 _e2342453 |
||
| 949 |
_61001327140 _e2342454 |
||
| 949 |
_61001327141 _e2342455 |
||
| 949 |
_61001327142 _e2342456 |
||
| 949 |
_61001327143 _e2342457 |
||
| 949 |
_61001327144 _e2342458 |
||
| 949 |
_62000069437 _a552 GRE M |
||
| 949 |
_62000069438 _a552 GRE M |
||
| 999 |
_c173151 _d173151 |
||